Java simplified (Record no. 3652)
[ view plain ]
| 000 -LEADER | |
|---|---|
| fixed length control field | 00390nam a22001457a 4500 |
| 008 - FIXED-LENGTH DATA ELEMENTS--GENERAL INFORMATION | |
| fixed length control field | 250524b |||||||| |||| 00| 0 eng d |
| 020 ## - INTERNATIONAL STANDARD BOOK NUMBER | |
| ISBN | 9789788454609 |
| 100 ## - MAIN ENTRY--AUTHOR | |
| Author | Oneyedima, Ebele |
| 245 ## - TITLE STATEMENT | |
| Title | Java simplified |
| 260 ## - PUBLICATION, DISTRIBUTION, ETC. (IMPRINT) | |
| Place of publication | Anambra |
| Name of publisher | De-emeralds printing & publishing |
| Date of publication | 2021 |
| 300 ## - COLLATION | |
| Pagination | vii,169 |
| 650 ## - TRACINGS | |
| Main Subject | Java ( computer program language ) |
| 942 ## - ADDED ENTRY ELEMENTS (KOHA) | |
| Item type | Books |
| 050 ## - LIBRARY OF CONGRESS CALL NUMBER | |
| Classification number | QA76.73 |
| Item number | .O59 |
| Source of classification or shelving scheme | Not for loan | Permanent location | Current location | Date acquired | Accession No. | Full call number | Barcode. | Koha item type |
|---|---|---|---|---|---|---|---|---|
| Library of Congress Classification | Samuel Ogbemudia Main Library, University of Abuja | Samuel Ogbemudia Main Library, University of Abuja | 05/24/2025 | 2023-61323 | QA76.73.O59 | 2025-2146 | Books |